000 00476nam a2200193Ia 4500
003 0100
008 130303s9999 xx 000 0 und d
020 _a0791405192
040 _cARRUPELIB
050 _aBJ161.R55 1991
100 _aRiker, John H
245 _aHuman excellence and an ecological conception of the psyche
260 _aNew York
260 _bState University of New York Press
260 _C1991
300 _a239p
650 _aETHICS
942 0 0 _02
999 _c20132
_d20132